| 000 | 00385nam a2200145Ia 4500 | ||
|---|---|---|---|
| 005 | 20251222153557.0 | ||
| 008 | 251222s9999||||xx |||||||||||||| ||spa|| | ||
| 020 | _a9788416353804 | ||
| 082 | _a616.028/W79 | ||
| 100 | _aWoodruff, David W. | ||
| 245 | 0 | _aEnfermería Fácil. Enfermería Del Paciente En Estado Crítico | |
| 250 | _a4ta.ed. | ||
| 264 | _bWolters Kluwer | ||
| 942 | _cLIB | ||
| 999 |
_c31063 _d31063 |
||